000 01022nam a22002897a 4500
001 BR7405654
003 BR-BrBNA
005 20230928084614.0
007 ta
008 230509b bl.||||| |||| 00| 0 por d
040 _aBR-BrBNA
_bpor
_cBiblioteca Nacional de Agricultura
041 _a(Por)
072 _aA50; E30
_b/G514
090 _ A50 BR7405654
110 1 _aSuperintendencia do Desenvolvimento do Nordeste, Fortaleza, CE (Brasil);
_910124
110 1 _aUniversidade Federal do Ceara, Fortaleza (Brasil). Centro de Ciencias Agrarias
111 1 _a2. Seminario de Planejamento Agricola
_cFortaleza, CE (Brazil)
_d15 Jul 1974
245 1 _aSubsidios ao programa de reestruturacao dos servicos de pesquisas agricolas na regiao Nordeste [Planejamento agricola; Brasil]
260 3 _aFortaleza, CE (Brasil):
_c1974.
300 _a8 p.
650 _aPesquisa
650 _aPlanejamento agricola
650 _aPesquisa agricola
650 _aNordeste
909 _a202309
_bLucia
_c55
_dLucia Elande
942 _cBK
999 _c20049
_d20049